Personnel Management (Record no. 548416)
[ view plain ]
| 000 -LEADER | |
|---|---|
| fixed length control field | 01153cam a2200325Ka 4500 |
| 082 #4 - DEWEY DECIMAL CLASSIFICATION NUMBER | |
| Classification number | 658.3 |
| Author Mark | TOR |
| 100 1# - MAIN ENTRY--PERSONAL NAME | |
| Personal name | Chapman, John.Torington, Derek. |
| 9 (RLIN) | 44703 |
| 245 10 - TITLE STATEMENT | |
| Title | Personnel Management |
| Statement of responsibility, etc. | Chapman, John.Torington, Derek. |
| 260 ## - PUBLICATION, DISTRIBUTION, ETC. | |
| Place of publication, distribution, etc. | Santa Monica, CA. : |
| Name of publisher, distributor, etc. | Rand Corp., |
| Date of publication, distribution, etc. | [1983] |
| 300 ## - PHYSICAL DESCRIPTION | |
| Extent | vii, 292 p. ; |
| Dimensions | 28 cm. |
| 490 1# - SERIES STATEMENT | |
| Series statement | Rand note ; |
| 490 1# - SERIES STATEMENT | |
| Series statement | Rand publication series. |
| 500 ## - GENERAL NOTE | |
| General note | "December 1983." |
| 500 ## - GENERAL NOTE | |
| General note | "Prepared for the Assistant Secretary of Defense (Force Management and Personnel)." |
| 520 ## - SUMMARY, ETC. | |
| Summary, etc. | T |
| 526 ## - STUDY PROGRAM INFORMATION NOTE | |
| Program name | 0 |
| Interest level | 0 |
| Reading level | 0 |
| Title point value | 658_300000000000000_TOR |
| 650 #0 - SUBJECT ADDED ENTRY--TOPICAL TERM | |
| Topical term or geographic name entry element | Civil service |
| General subdivision | Labor productivity |
| Geographic subdivision | United States |
| 9 (RLIN) | 44704 |
| 650 #0 - SUBJECT ADDED ENTRY--TOPICAL TERM | |
| Topical term or geographic name entry element | Quality of work life |
| Geographic subdivision | United States |
| 9 (RLIN) | 44705 |
| 650 #7 - SUBJECT ADDED ENTRY--TOPICAL TERM | |
| Topical term or geographic name entry element | Government employees. |
| 9 (RLIN) | 44706 |
| 650 #7 - SUBJECT ADDED ENTRY--TOPICAL TERM | |
| Topical term or geographic name entry element | MCE |
| 9 (RLIN) | 379 |
| 650 #7 - SUBJECT ADDED ENTRY--TOPICAL TERM | |
| Topical term or geographic name entry element | Military personnel. |
| 9 (RLIN) | 44707 |
| 650 #7 - SUBJECT ADDED ENTRY--TOPICAL TERM | |
| Topical term or geographic name entry element | Personnel management. |
| 9 (RLIN) | 1204 |
| 650 #7 - SUBJECT ADDED ENTRY--TOPICAL TERM | |
| Topical term or geographic name entry element | Productivity. |
| 9 (RLIN) | 44708 |
| 650 #7 - SUBJECT ADDED ENTRY--TOPICAL TERM | |
| Topical term or geographic name entry element | Statistics. |
| 9 (RLIN) | 69 |
| 700 1# - ADDED ENTRY--PERSONAL NAME | |
| Personal name | Hosek, James R. |
| 9 (RLIN) | 44709 |
| 700 1# - ADDED ENTRY--PERSONAL NAME | |
| Personal name | Mattock, Michael G., |
| 9 (RLIN) | 44710 |
| 710 1# - ADDED ENTRY--CORPORATE NAME | |
| Corporate name or jurisdiction name as entry element | United States. |
| 9 (RLIN) | 21185 |
| 856 40 - ELECTRONIC LOCATION AND ACCESS | |
| Uniform Resource Identifier | <a href="http://catalog.hathitrust.org/api/volumes/oclc/23060593.html">http://catalog.hathitrust.org/api/volumes/oclc/23060593.html</a> |
| 942 ## - ADDED ENTRY ELEMENTS (KOHA) | |
| Source of classification or shelving scheme | |
| Koha item type | Book |
| Withdrawn status | Lost status | Source of classification or shelving scheme | Damaged status | Not for loan | Permanent Location | Current Location | Date acquired | Total Checkouts | Full call number | Barcode | Date last seen | Price effective from | Koha item type |
|---|---|---|---|---|---|---|---|---|---|---|---|---|---|
| Military College of Engineering (MCE) | Military College of Engineering (MCE) | 08/27/2014 | 658.3 TOR | MCE-41883 | 08/27/2014 | 08/27/2014 | Book |
